| 000 | 00668nam a22002057a 4500 | ||
|---|---|---|---|
| 999 |
_c332551 _d332551 |
||
| 003 | NUST | ||
| 005 | 20180125092658.0 | ||
| 008 | 150923b xxu||||| |||| 00| 0 eng d | ||
| 020 | _a0072432020 | ||
| 020 | _a007112196X | ||
| 040 | _c0 | ||
| 082 | _a620.106 FIN | ||
| 100 |
_911646 _aFinnemore, E. John |
||
| 245 |
_aFluid mechanics with engineering applications _cE. John Finnemore. |
||
| 250 | _aTenth Edition | ||
| 260 |
_aNew Delhi _bMittal press _cc.2008. |
||
| 300 | _a790p. | ||
| 500 | _aP.B | ||
| 650 |
_911647 _aFluid Mechanies _xME |
||
| 942 |
_2ddc _cREF _kIESE |
||